Data Science Concepts and Techniques with Applications 2/e

Uloženo v:
Podrobná bibliografie
Hlavní autor: Qamar
Médium: Kniha
Vydáno: Springer
Tagy: Přidat tag
Žádné tagy, Buďte první, kdo vytvoří štítek k tomuto záznamu!

MARC

LEADER 00000nam a2200000Ia 4500
005 20260513122050.0
020 |a 9783031174414 
100 |a Qamar 
365 |c € 
365 |b 28.00 
942 |c BK 
245 |a Data Science Concepts and Techniques with Applications 2/e 
260 |b Springer 
999 |c 30  |d 30 
952 |0 0  |1 0  |4 0  |7 0  |a UNSW  |b UNSW  |d 2026-05-06  |g 74.99  |i 16687  |l 0  |p 000107  |r 2026-05-13 12:20:50  |v 74.99  |w 2026-05-13  |y BK